[Event "4NCL/Div4/MONM vs. CAMB2"]
[Site "West Bromwich ENG"]
[Date "2006.12.02"]
[Round "3.3"]
[White "Beveridge, Nigel K"]
[Black "Gooding, Ian"]
[Result "1-0"]
[WhiteElo "2005"]
[BlackElo "2014"]
[PlyCount "54"]
[EventDate "2006.12.02"]
[EventType "team"]
[EventRounds "11"]
[EventCountry "ENG"]
[WhiteTeam "Monmouth"]
[BlackTeam "Cambridge Uni 2 "]

1. e4 e6 2. b3 d5 3. Bb2 Nf6 4. e5 Nfd7 5. f4 c5 6. Nf3 Nc6 7. Bb5 Qb6 8. Be2
Be7 9. Nc3 f5 10. Nb5 O-O 11. c4 d4 12. Bd3 Nb4 13. Bb1 a6 14. a3 Nc6 15. Nd6
Qc7 16. Nxc8 Raxc8 17. O-O b5 18. cxb5 axb5 19. Bd3 Qb6 20. Rb1 Qa5 21. a4 c4
22. axb5 Ncxe5 23. Bxc4 Nxc4 24. bxc4 Rxc4 25. Qe2 Qc7 26. Qxe6+ Rf7 27. b6
Qxb6 1-0

[Event "4NCL/Div4/MONM vs. CAMB2"]
[Site "West Bromwich ENG"]
[Date "2006.12.02"]
[Round "3.4"]
[White "Gallagher, Ian G"]
[Black "Waterfield, John"]
[Result "1-0"]
[WhiteElo "2005"]
[BlackElo "2037"]
[PlyCount "39"]
[EventDate "2006.12.02"]
[EventType "team"]
[EventRounds "11"]
[EventCountry "ENG"]
[WhiteTeam "Cambridge Uni 2 "]
[BlackTeam "Monmouth"]

1. d4 Nf6 2. Bg5 Ne4 3. h4 c5 4. d5 Qb6 5. Nd2 Nxd2 6. Bxd2 e5 7. dxe6 Qxe6 8.
Rh3 Be7 9. Re3 Qg6 10. Bc3 Nc6 11. Nh3 d6 12. Nf4 Qh6 13. Nd5 Be6 14. Nc7+ Kd7
15. Nxa8 Rxa8 16. g3 g5 17. Qd3 gxh4 18. Qb5 Kc7 19. Bg2 h3 20. Bxc6 1-0

[Event "4NCL/Div4/MONM vs. CAMB2"]
[Site "West Bromwich ENG"]
[Date "2006.12.02"]
[Round "3.5"]
[White "Davis, Lee"]
[Black "Kreuzer, Christopher"]
[Result "1/2-1/2"]
[WhiteElo "2025"]
[BlackElo "1990"]
[PlyCount "180"]
[EventDate "2006.12.02"]
[EventType "team"]
[EventRounds "11"]
[EventCountry "ENG"]
[WhiteTeam "Monmouth"]
[BlackTeam "Cambridge Uni 2 "]

1. d4 Nf6 2. g3 d5 3. Bg2 Bf5 4. c4 e6 5. Nf3 Bb4+ 6. Bd2 Bxd2+ 7. Nbxd2 Nbd7
8. O-O c6 9. Nh4 Bg6 10. Nxg6 hxg6 11. e4 dxe4 12. Nxe4 Nxe4 13. Bxe4 Qg5 14.
f4 Qh6 15. Qe2 Nf6 16. Bf3 g5 17. fxg5 Qxg5 18. Rad1 O-O 19. Qe5 Qh6 20. Be2
Nd7 21. Qe4 Rae8 22. Qf4 Qxf4 23. gxf4 g6 24. Rf2 Nf6 25. Bf3 Rd8 26. Rfd2 Kg7
27. d5 exd5 28. cxd5 cxd5 29. Bxd5 Rxd5 30. Rxd5 Nxd5 31. Rxd5 Rc8 32. Rd2 Rc4
33. Rf2 Kf6 34. Kg2 Kf5 35. Kg3 Rd4 36. h3 Rd3+ 37. Rf3 Rd2 38. Rb3 b6 39. Rb5+
Kf6 40. a4 Rd3+ 41. Kg2 Rd4 42. a5 bxa5 43. Rxa5 Rxf4 44. Rxa7 Rb4 45. Ra6+ Kf5
46. Ra5+ Kf4 47. Ra2 Rb3 48. Kh2 f5 49. Kg2 Kg5 50. Kh2 f4 51. Kg2 Kh4 52. Ra8
f3+ 53. Kf2 Kxh3 54. Rg8 Rb6 55. Kxf3 Kh4 56. b4 Kg5 57. Rd8 Rxb4 58. Rd5+ Kh4
59. Rd6 Rb3+ 60. Kg2 Rg3+ 61. Kf2 g5 62. Rd5 Ra3 63. Rd8 Ra2+ 64. Kg1 g4 65.
Rd3 Re2 66. Rb3 Ra2 67. Rc3 Ra4 68. Rb3 Kg5 69. Rc3 Kf4 70. Rb3 Re4 71. Ra3 g3
72. Kg2 Re2+ 73. Kg1 Kg4 74. Rb3 Kh3 75. Rb1 Rg2+ 76. Kh1 Rf2 77. Kg1 Rg2+ 78.
Kh1 Ra2 79. Kg1 Ra8 80. Rc1 Rg8 81. Rc4 Rf8 82. Rc2 Rf3 83. Rb2 Ra3 84. Rb1 g2
85. Rc1 Kg3 86. Rb1 Kf3 87. Rc1 Re3 88. Rb1 Rc3 89. Ra1 Rb3 90. Rc1 Ra3 1/2-1/2

[Event "4NCL/Div4/MONM vs. CAMB2"]
[Site "West Bromwich ENG"]
[Date "2006.12.02"]
[Round "3.6"]
[White "Gibbs, Dominic"]
[Black "Thomas, Kevin"]
[Result "1-0"]
[WhiteElo "1964"]
[BlackElo "1980"]
[PlyCount "69"]
[EventDate "2006.12.02"]
[EventType "team"]
[EventRounds "11"]
[EventCountry "ENG"]
[WhiteTeam "Cambridge Uni 2 "]
[BlackTeam "Monmouth"]

1. e4 e5 2. Nf3 Nc6 3. Bb5 Nd4 4. Nxd4 exd4 5. O-O c6 6. Bc4 d5 7. exd5 cxd5 8.
Re1+ Be7 9. Bb5+ Kf8 10. d3 Nf6 11. Bg5 Bg4 12. f3 Be6 13. Ba4 h6 14. Bh4 g5
15. Bf2 Bc5 16. c3 g4 17. cxd4 Bd6 18. Bh4 Kg7 19. fxg4 Qc7 20. h3 Bh2+ 21. Kh1
Nh7 22. Nd2 Rag8 23. Rc1 Qd6 24. Qe2 Ng5 25. Nf3 Bf4 26. Rcd1 Kf8 27. Ne5 h5
28. gxh5 Qb4 29. Bd7 Qxd4 30. Nxf7 Nxf7 31. Bxe6 Bd6 32. Bxf7 Qf4 33. Be7+ Kxf7
34. Rf1 Qxf1+ 35. Rxf1+ 1-0

[Event "4NCL/Div4/HC vs. SCS1"]
[Site "West Bromwich ENG"]
[Date "2006.12.02"]
[Round "3.1"]
[White "Tavoularis, Nicholas"]
[Black "Heard, Andrew H"]
[Result "1/2-1/2"]
[WhiteElo "2230"]
[BlackElo "1985"]
[PlyCount "90"]
[EventDate "2006.12.02"]
[EventType "team"]
[EventRounds "11"]
[EventCountry "ENG"]
[WhiteTeam "H Coventry"]
[BlackTeam "S C Stars 1"]

1. e4 e6 2. b3 d5 3. Bb2 dxe4 4. Nc3 Nf6 5. Qe2 Nbd7 6. O-O-O Be7 7. g4 h6 8.
Bg2 Nc5 9. h4 e5 10. Nxe4 Ncxe4 11. Bxe4 Nxe4 12. Qxe4 f6 13. d4 Qd7 14. f3
exd4 15. Nh3 Qe6 16. Qxe6 Bxe6 17. Nf4 Bf7 18. Rhe1 Rd8 19. Ba3 Rd7 20. Re4 Kd8
21. Bxe7+ Rxe7 22. Rexd4+ Kc8 23. h5 Rhe8 24. R1d3 Re3 25. Kd2 Rxd3+ 26. Kxd3
c5 27. Re4 Kd7 28. Rxe8 Bxe8 29. Ke4 Kd6 30. Kf5 b5 31. c3 a5 32. a3 b4 33.
axb4 cxb4 34. cxb4 axb4 35. Nd3 Bf7 36. Nxb4 Bxb3 37. Kf4 Bf7 38. Nc2 g6 39.
Ne3 Ke6 40. hxg6 Bxg6 41. Nf1 h5 42. g5 h4 43. gxf6 Kxf6 44. Kg4 Bd3 45. Nd2
Be2 1/2-1/2

[Event "4NCL/Div4/HC vs. SCS1"]
[Site "West Bromwich ENG"]
[Date "2006.12.02"]
[Round "3.2"]
[White "Lutton, J Arnold"]
[Black "Stinton-Brownbridge, Michael"]
[Result "1/2-1/2"]
[WhiteElo "1901"]
[BlackElo "2025"]
[PlyCount "112"]
[EventDate "2006.12.02"]
[EventType "team"]
[EventRounds "11"]
[EventCountry "ENG"]
[WhiteTeam "S C Stars 1"]
[BlackTeam "H Coventry"]

1. e4 d5 2. Nc3 c6 3. Nf3 Bg4 4. h3 Bxf3 5. Qxf3 dxe4 6. Nxe4 Nd7 7. Bc4 Ne5 8.
Qb3 Nxc4 9. Qxc4 e6 10. O-O Be7 11. Re1 Nf6 12. d3 O-O 13. Bd2 Qd5 14. Qb3 Qxb3
15. axb3 Nxe4 16. Rxe4 Rfd8 17. Bc3 a6 18. g4 Rd5 19. Kg2 Bf8 20. f4 g6 21. Kf3
Bg7 22. Bxg7 Kxg7 23. Ke3 Rad8 24. b4 h6 25. Ra5 Kf6 26. h4 h5 27. g5+ Ke7 28.
d4 Kd6 29. c4 Rxa5 30. bxa5 c5 31. Kd3 Kc6 32. Kc3 Rd7 33. b4 cxd4+ 34. Rxd4
Re7 35. Kd3 e5 36. Re4 Rd7+ 37. Ke3 exf4+ 38. Rxf4 Kc7 39. Ke4 Re7+ 40. Kd5 Kc8
41. Kc5 Rc7+ 42. Kd6 Kd8 43. b5 Rd7+ 44. Kc5 axb5 45. cxb5 Kc8 46. a6 Kb8 47.
axb7 Kxb7 48. Rd4 Re7 49. Kd6 Re6+ 50. Kd7 Re5 51. Rb4 Kb6 52. Kd6 Rf5 53. Re4
Rf3 54. Ke5 Rf5+ 55. Kd6 Rf3 56. Ke5 Rf5+ 1/2-1/2

[Event "4NCL/Div4/HC vs. SCS1"]
[Site "West Bromwich ENG"]
[Date "2006.12.02"]
[Round "3.3"]
[White "Forman, Karl L"]
[Black "Lowry-O'Reilly, Hannah"]
[Result "1-0"]
[WhiteElo "2029"]
[BlackElo "1830"]
[PlyCount "43"]
[EventDate "2006.12.02"]
[EventType "team"]
[EventRounds "11"]
[EventCountry "ENG"]
[WhiteTeam "H Coventry"]
[BlackTeam "S C Stars 1"]

1. e4 c5 2. d4 cxd4 3. c3 dxc3 4. Nxc3 Nc6 5. Nf3 e6 6. Bc4 Nf6 7. e5 Ng8 8.
O-O a6 9. Qe2 Bc5 10. Ne4 Be7 11. Rd1 b5 12. Bb3 Bb7 13. Bg5 Qb8 14. Bxe7 Ngxe7
15. Nd6+ Kf8 16. Ng5 f6 17. exf6 gxf6 18. Qh5 Ng6 19. Qh6+ Ke7 20. Qg7+ Kd8 21.
Nxe6+ dxe6 22. Nxb7+ 1-0

[Event "4NCL/Div4/HC vs. SCS1"]
[Site "West Bromwich ENG"]
[Date "2006.12.02"]
[Round "3.4"]
[White "Scarry, Herbert"]
[Black "Alcock, Graham P"]
[Result "1-0"]
[WhiteElo "1812"]
[BlackElo "1935"]
[PlyCount "71"]
[EventDate "2006.12.02"]
[EventType "team"]
[EventRounds "11"]
[EventCountry "ENG"]
[WhiteTeam "S C Stars 1"]
[BlackTeam "H Coventry"]

1. c4 Nf6 2. g3 g6 3. Bg2 Bg7 4. Nc3 O-O 5. e4 e5 6. Nge2 c5 7. O-O Nc6 8. Rb1
d6 9. d3 a6 10. a3 Bd7 11. b4 b6 12. h3 Qc8 13. Kh2 Rb8 14. f4 Ne7 15. Be3 Nc6
16. Qd2 Nd4 17. f5 Kh8 18. g4 gxf5 19. exf5 Bc6 20. Nd5 Bxd5 21. cxd5 Ng8 22.
Ng3 f6 23. Be4 Qd7 24. g5 Rfc8 25. b5 axb5 26. g6 b4 27. axb4 Ra8 28. gxh7 Ne7
29. Bh6 Qe8 30. Rg1 Bf8 31. Bxf8 Qxf8 32. Nh5 Qf7 33. Qh6 Rf8 34. Rg8+ Nxg8 35.
hxg8=Q+ Kxg8 36. Rg1+ 1-0

[Event "4NCL/Div4/PONTY vs. ATH1"]
[Site "West Bromwich ENG"]
[Date "2006.12.02"]
[Round "3.1"]
[White "Adams, Mark A"]
[Black "Spreeuw, Jaap"]
[Result "1/2-1/2"]
[WhiteElo "2000"]
[BlackElo "2289"]
[PlyCount "57"]
[EventDate "2006.12.02"]
[EventType "team"]
[EventRounds "11"]
[EventCountry "ENG"]
[WhiteTeam "Pontypridd"]
[BlackTeam "Athenaeum 1"]

1. e4 c5 2. Nf3 Nc6 3. d4 cxd4 4. Nxd4 Nf6 5. Nc3 d6 6. Bg5 e6 7. Qd2 a6 8.
O-O-O h6 9. Be3 Be7 10. h3 Bd7 11. f4 b5 12. Bd3 Qa5 13. Nb3 Qc7 14. Kb1 Bc8
15. Rhe1 Bb7 16. Qf2 O-O 17. g4 b4 18. Na4 Nd7 19. Nb6 Nxb6 20. Bxb6 Qb8 21.
Nd4 Nxd4 22. Bxd4 e5 23. Be3 Qd8 24. Rg1 exf4 25. Bxf4 Qa5 26. Be3 Rac8 27. Qf5
Qxf5 28. gxf5 Kh8 29. Bd4 1/2-1/2

[Event "4NCL/Div4/PONTY vs. ATH1"]
[Site "West Bromwich ENG"]
[Date "2006.12.02"]
[Round "3.2"]
[White "Quinn, John M"]
[Black "Robinson, David"]
[Result "1-0"]
[WhiteElo "2150"]
[BlackElo "1999"]
[PlyCount "83"]
[EventDate "2006.12.02"]
[EventType "team"]
[EventRounds "11"]
[EventCountry "ENG"]
[WhiteTeam "Athenaeum 1"]
[BlackTeam "Pontypridd"]

1. d4 Nf6 2. c4 c5 3. d5 b5 4. Nf3 g6 5. cxb5 a6 6. b6 Qxb6 7. Nc3 d6 8. Nd2
Bg7 9. e4 O-O 10. Be2 Nbd7 11. Nc4 Qc7 12. O-O Nb6 13. Ne3 e6 14. a4 Bb7 15. a5
Nc8 16. Nc4 Nxe4 17. Nxe4 exd5 18. Nexd6 Nxd6 19. Bf4 Rfd8 20. Nxd6 Rxd6 21.
Qb3 Bc6 22. Qg3 Rad8 23. Bxa6 Bxb2 24. Ra2 Bg7 25. Be2 Qe7 26. Bxd6 Rxd6 27. a6
Be5 28. Qh3 f5 29. a7 Ba8 30. Rb1 Rd8 31. Bf1 c4 32. Qa3 Qc7 33. g3 d4 34. Rb8
Bd6 35. Rxd8+ Qxd8 36. Bxc4+ Kg7 37. Qa5 Bc7 38. Qc5 d3 39. Rd2 Bb6 40. Qe5+
Kh6 41. Rxd3 Qc7 42. Qxc7 1-0

[Event "4NCL/Div4/PONTY vs. ATH1"]
[Site "West Bromwich ENG"]
[Date "2006.12.02"]
[Round "3.3"]
[White "Gilbert, Jonathan A"]
[Black "Pedersen, Carsten"]
[Result "0-1"]
[WhiteElo "2061"]
[BlackElo "2108"]
[PlyCount "78"]
[EventDate "2006.12.02"]
[EventType "team"]
[EventRounds "11"]
[EventCountry "ENG"]
[WhiteTeam "Pontypridd"]
[BlackTeam "Athenaeum 1"]

1. e4 e6 2. d4 d5 3. Nc3 Bb4 4. e5 Ne7 5. a3 Bxc3+ 6. bxc3 c5 7. Qg4 Qc7 8.
Qxg7 Rg8 9. Qxh7 cxd4 10. Ne2 Nbc6 11. f4 Bd7 12. Qd3 dxc3 13. Nxc3 a6 14. Rb1
Na5 15. Ne2 Bb5 16. Rxb5 axb5 17. Qxb5+ Kf8 18. h4 Qxc2 19. Rh3 Rg4 20. Rc3 Qe4
21. Rc7 Rxh4 22. Rxe7 Kxe7 23. Bd2 Kf8 24. Bxa5 d4 25. Bb4+ Kg8 26. Be7 Rxf4
27. g3 Rg4 28. Kd1 Rc8 29. Qd7 Qc2+ 30. Ke1 d3 31. Bb4 dxe2 32. Bxe2 Re4 33.
Qd1 Rxe2+ 34. Qxe2 Qxe2+ 35. Kxe2 Rc4 36. Kf3 Kg7 37. g4 Kg6 38. Kg3 b5 39. Kf3
Rc2 0-1

[Event "4NCL/Div4/PONTY vs. ATH1"]
[Site "West Bromwich ENG"]
[Date "2006.12.02"]
[Round "3.4"]
[White "Stevenson, James A B"]
[Black "White, Ian G"]
[Result "0-1"]
[WhiteElo "2088"]
[BlackElo "2040"]
[PlyCount "140"]
[EventDate "2006.12.02"]
[EventType "team"]
[EventRounds "11"]
[EventCountry "ENG"]
[WhiteTeam "Athenaeum 1"]
[BlackTeam "Pontypridd"]

1. e4 e6 2. d4 d5 3. Nd2 c5 4. exd5 exd5 5. Ngf3 Nc6 6. Bb5 Bd6 7. dxc5 Bxc5 8.
O-O Nge7 9. Nb3 Bb6 10. Be3 O-O 11. Qd2 a6 12. Be2 f6 13. Rad1 Be6 14. Nfd4 Bf7
15. Bg4 Bxd4 16. Nxd4 Qd6 17. Bf4 Ne5 18. Rfe1 N7g6 19. Bh3 Rfe8 20. Bg3 Qb6
21. b3 Rad8 22. Kh1 Nc6 23. Ne6 Ra8 24. Nc7 Rxe1+ 25. Rxe1 Rd8 26. Ne6 Re8 27.
f4 Nge7 28. Bf2 d4 29. Bxd4 Nxd4 30. Qxd4 Qa5 31. b4 Nc6 32. bxa5 Nxd4 33. f5
g6 34. g4 h5 35. Bg2 gxf5 36. gxf5 Nxf5 37. Bd5 Ng7 38. Bxb7 Bxe6 39. Rf1 f5
40. Bxa6 Bd5+ 41. Kg1 Ra8 42. Bd3 Rxa5 43. Bxf5 Bxa2 44. Bd3 Rc5 45. Kf2 Be6
46. Ke3 Bc4 47. Rf2 Bxd3 48. Kxd3 Ne6 49. Ke4 Kg7 50. Rg2+ Kf6 51. Rd2 Re5+ 52.
Kf3 Kf5 53. Rd7 Rc5 54. Rd2 Rc3+ 55. Ke2 Ke4 56. Kd1 Nd4 57. Rg2 Rh3 58. c4
Rd3+ 59. Ke1 Kf3 60. Rg3+ Ke4 61. Rxd3 Kxd3 62. Kf2 Kxc4 63. Kg3 Ne6 64. Kh4
Ng7 65. Kg5 Kd3 66. Kg6 Ke3 67. Kxg7 h4 68. Kg6 Kf3 69. Kg5 h3 70. Kf5 Kg2 0-1

[Event "4NCL/Div4/PONTY vs. ATH1"]
[Site "West Bromwich ENG"]
[Date "2006.12.02"]
[Round "3.5"]
[White "Davies, Peter L"]
[Black "Gruettner, Ralf"]
[Result "1/2-1/2"]
[WhiteElo "1988"]
[BlackElo "2067"]
[PlyCount "78"]
[EventDate "2006.12.02"]
[EventType "team"]
[EventRounds "11"]
[EventCountry "ENG"]
[WhiteTeam "Pontypridd"]
[BlackTeam "Athenaeum 1"]

1. c4 Nf6 2. Nc3 g6 3. g3 Bg7 4. Bg2 O-O 5. e4 d6 6. Nge2 e5 7. O-O Nc6 8. d3
Nh5 9. Nd5 Ne7 10. Bg5 f6 11. Be3 c6 12. Nxe7+ Qxe7 13. Qd2 f5 14. Rac1 Be6 15.
d4 exd4 16. Bxd4 fxe4 17. Bxg7 Nxg7 18. Bxe4 Bh3 19. Bg2 Bxg2 20. Kxg2 Nf5 21.
Rfe1 Qf6 22. f4 Rae8 23. Nc3 Re6 24. Ne4 Qe7 25. Ng5 Re3 26. b3 h6 27. Kf2 hxg5
28. Rxe3 Qh7 29. Kg1 Nxe3 30. Qxe3 gxf4 31. gxf4 Qf7 32. Rf1 Qf5 33. Qxa7 Qg4+
34. Kh1 Rxf4 35. Rxf4 Qxf4 36. Kg2 Qe4+ 37. Kg3 Qe5+ 38. Kg2 Qe4+ 39. Kg3 Qe5+
1/2-1/2

[Event "4NCL/Div4/PONTY vs. ATH1"]
[Site "West Bromwich ENG"]
[Date "2006.12.02"]
[Round "3.6"]
[White "McAleenan, Charles"]
[Black "Warden, Peter"]
[Result "1-0"]
[WhiteElo "1985"]
[BlackElo "1393"]
[PlyCount "58"]
[EventDate "2006.12.02"]
[EventType "team"]
[EventRounds "11"]
[EventCountry "ENG"]
[WhiteTeam "Athenaeum 1"]
[BlackTeam "Pontypridd"]

1. Nc3 e5 2. Nf3 d6 3. d4 exd4 4. Nxd4 c6 5. e4 Be7 6. Be3 Nf6 7. Be2 O-O 8. g4
Qa5 9. Nb3 Qc7 10. g5 Nfd7 11. f4 b6 12. Rg1 Ba6 13. f5 f6 14. g6 h6 15. Bxa6
Nxa6 16. Qh5 Rfe8 17. Bxh6 gxh6 18. g7 Ne5 19. O-O-O Nf7 20. Nd4 d5 21. Ne6 Qe5
22. Rg6 Bb4 23. Rdg1 Bxc3 24. Rxh6 Bxb2+ 25. Kb1 Nxh6 26. Qxh6 Ba1 27. Qh8+ Kf7
28. g8=Q+ Rxg8 29. Qh7+ Ke8 1-0

[Event "4NCL/Div4/SUTC vs. HAL"]
[Site "West Bromwich ENG"]
[Date "2006.12.02"]
[Round "3.1"]
[White "Escott, Keith"]
[Black "Walker, Nicholas A"]
[Result "1/2-1/2"]
[WhiteElo "2065"]
[BlackElo "2115"]
[PlyCount "37"]
[EventDate "2006.12.02"]
[EventType "team"]
[EventRounds "11"]
[EventCountry "ENG"]
[WhiteTeam "Sutton Coldfield"]
[BlackTeam "Halesowen"]

1. e4 c5 2. Nf3 Nc6 3. Bb5 g6 4. Bxc6 dxc6 5. d3 Bg7 6. O-O Nf6 7. Nc3 O-O 8.
Be3 b6 9. h3 Ne8 10. Qd2 e5 11. Bh6 Qe7 12. Rae1 Nc7 13. Bxg7 Kxg7 14. Nh2 Ne6
15. Ne2 g5 16. Ng4 f6 17. Ne3 Nf4 18. Ng3 Kh8 19. Ngf5 1/2-1/2

[Event "4NCL/Div4/SUTC vs. HAL"]
[Site "West Bromwich ENG"]
[Date "2006.12.02"]
[Round "3.2"]
[White "Palmer, Ryan"]
[Black "Soszynski, Marek"]
[Result "1-0"]
[WhiteElo "2010"]
[BlackElo "1900"]
[PlyCount "103"]
[EventDate "2006.12.02"]
[EventType "team"]
[EventRounds "11"]
[EventCountry "ENG"]
[WhiteTeam "Halesowen"]
[BlackTeam "Sutton Coldfield"]

1. e4 d6 2. Nc3 Nf6 3. f4 c5 4. Nf3 Nc6 5. Bb5 a6 6. Bxc6+ bxc6 7. O-O d5 8. e5
Ne4 9. Qe1 Bf5 10. g4 Bxg4 11. Nxe4 dxe4 12. Qxe4 Qd5 13. d3 e6 14. Be3 f5 15.
Qa4 Be7 16. c4 Qd7 17. Rad1 g5 18. d4 gxf4 19. dxc5 Qc7 20. Bd4 Rg8 21. Kh1 Rd8
22. b4 Kf7 23. Rd2 Bxf3+ 24. Rxf3 Rxd4 25. Rxd4 Qxe5 26. Qd1 Qg7 27. Rd2 e5 28.
Qf1 Qh6 29. Rh3 Qg6 30. Rg2 Bg5 31. Qe2 Rd8 32. Qh5 Qxh5 33. Rxh5 h6 34. Rh3 e4
35. Rb2 f3 36. Rb1 f2 37. Kg2 e3 38. Rf3 Ke6 39. h4 Bxh4 40. Rxe3+ Kf6 41. Rh1
Rd4 42. Reh3 Bg5 43. Kxf2 Rxc4 44. a3 Rc2+ 45. Ke1 Ra2 46. Kd1 f4 47. R1h2 Rxh2
48. Rxh2 Ke5 49. a4 f3 50. Kc2 a5 51. bxa5 Be3 52. a6 1-0

[Event "4NCL/Div4/SUTC vs. HAL"]
[Site "West Bromwich ENG"]
[Date "2006.12.02"]
[Round "3.3"]
[White "Kent, Arthur F"]
[Black "Pugh, Glyn D"]
[Result "0-1"]
[WhiteElo "1880"]
[BlackElo "2000"]
[PlyCount "70"]
[EventDate "2006.12.02"]
[EventType "team"]
[EventRounds "11"]
[EventCountry "ENG"]
[WhiteTeam "Sutton Coldfield"]
[BlackTeam "Halesowen"]

1. e4 e5 2. f4 exf4 3. Nf3 h6 4. d4 g5 5. h4 Bg7 6. hxg5 hxg5 7. Rxh8 Bxh8 8.
g3 g4 9. Nh2 d5 10. Bxf4 dxe4 11. Nxg4 Qxd4 12. Qxd4 Bxd4 13. c3 Bb6 14. Ne5
Nd7 15. Nd2 Nxe5 16. Bxe5 Bf5 17. Bg2 O-O-O 18. Nc4 Bc5 19. Rc1 Re8 20. Bf4 Nf6
21. Rd1 Be6 22. Bf1 Nh5 23. b4 Nxf4 24. gxf4 Be7 25. Ne3 Bh4+ 26. Ke2 a6 27. a3
Bg3 28. Bg2 Bxf4 29. Bxe4 Bxe3 30. Kxe3 f5 31. Bc2 Bb3+ 32. Kd2 Rd8+ 33. Kc1
Rxd1+ 34. Kxd1 Bxc2+ 35. Kxc2 b5 0-1

[Event "4NCL/Div4/SUTC vs. HAL"]
[Site "West Bromwich ENG"]
[Date "2006.12.02"]
[Round "3.4"]
[White "Lee, Darren"]
[Black "Burgess, Thomas"]
[Result "1/2-1/2"]
[WhiteElo "1955"]
[BlackElo "1835"]
[PlyCount "51"]
[EventDate "2006.12.02"]
[EventType "team"]
[EventRounds "11"]
[EventCountry "ENG"]
[WhiteTeam "Halesowen"]
[BlackTeam "Sutton Coldfield"]

1. e4 e6 2. d4 d5 3. Nd2 Nf6 4. e5 Nfd7 5. Ngf3 c5 6. c4 Nc6 7. cxd5 exd5 8.
Bb5 Be7 9. O-O O-O 10. dxc5 Ndxe5 11. Nxe5 Nxe5 12. Re1 Nc6 13. Nb3 Bf6 14.
Bxc6 bxc6 15. Nd4 Qc7 16. Be3 Bd7 17. Qd2 Qe5 18. Rab1 Rfe8 19. Nf3 Qh5 20. Bd4
Bf5 21. Rbc1 Be4 22. Bxf6 Bxf3 23. Qg5 Qxg5 24. Bxg5 Bg4 25. f3 Be6 26. Be3
1/2-1/2

[Event "4NCL/Div4/SUTC vs. HAL"]
[Site "West Bromwich ENG"]
[Date "2006.12.02"]
[Round "3.6"]
[White "Banks, Peter"]
[Black "Lawrence, Roy"]
[Result "0-1"]
[WhiteElo "1715"]
[BlackElo "1820"]
[PlyCount "60"]
[EventDate "2006.12.02"]
[EventType "team"]
[EventRounds "11"]
[EventCountry "ENG"]
[WhiteTeam "Halesowen"]
[BlackTeam "Sutton Coldfield"]

1. e4 g6 2. d4 Bg7 3. Nf3 d6 4. Bc4 Nf6 5. Nc3 O-O 6. Be3 a6 7. Qd2 Ng4 8.
O-O-O Nxe3 9. fxe3 e6 10. h3 b5 11. Bd3 Nd7 12. g4 Bb7 13. h4 f5 14. Ng5 Qe7
15. Rhg1 h6 16. exf5 hxg5 17. fxe6 Qxe6 18. h5 gxh5 19. gxh5 Bh6 20. Bg6 Bf3
21. Rde1 Nf6 22. e4 Nxh5 23. Rxg5 Bxg5 24. Qxg5 Qf6 25. Qd5+ Kh8 26. Bxh5 Qh6+
27. Kb1 Qxh5 28. Qxh5+ Bxh5 29. Rh1 Kg7 30. Rxh5 Rf1+ 0-1

[Event "4NCL/Div4/CONQ1 vs. LEICS"]
[Site "West Bromwich ENG"]
[Date "2006.12.02"]
[Round "3.1"]
[White "Prizant, Michael"]
[Black "Byron, Alan M"]
[Result "1-0"]
[WhiteElo "2140"]
[BlackElo "2260"]
[PlyCount "105"]
[EventDate "2006.12.02"]
[EventType "team"]
[EventRounds "11"]
[EventCountry "ENG"]
[WhiteTeam "Conquistadors 1"]
[BlackTeam "Leicester"]

1. e4 c5 2. c3 d6 3. d4 Nf6 4. Bd3 Nc6 5. Nf3 Bg4 6. d5 Nb8 7. h3 Bxf3 8. Qxf3
g6 9. O-O Bg7 10. a4 O-O 11. Nd2 Nbd7 12. Nc4 b6 13. Qe2 a6 14. Na3 Ne5 15. Bc2
Ne8 16. f4 Nd7 17. Bd2 Nc7 18. Bd3 Ra7 19. Be3 Qa8 20. Nc4 b5 21. Na5 Nb8 22.
Rfc1 e6 23. c4 b4 24. e5 exd5 25. exd6 Ne6 26. cxd5 Nd4 27. Qd1 Qxd5 28. Nc4
Nd7 29. Rab1 Re8 30. Bf2 Nf6 31. Ne5 Qxd6 32. Bc4 Ne4 33. Bxd4 cxd4 34. Nxf7
Qxf4 35. Nd6+ Kf8 36. Qf1 Be5 37. Nxe4 Rf7 38. Qxf4 Rxf4 39. Rf1 Kg7 40. Rxf4
Bxf4 41. Bd3 Be3+ 42. Kf1 a5 43. Ke2 Rc8 44. Nd6 Rc5 45. Nc4 Bg5 46. Kf3 Bd8
47. Re1 Rc6 48. Re4 Bf6 49. Nxa5 Rc1 50. Nc4 b3 51. a5 Ra1 52. Re8 Bg5 53. Rb8
1-0

[Event "4NCL/Div4/CONQ1 vs. LEICS"]
[Site "West Bromwich ENG"]
[Date "2006.12.02"]
[Round "3.2"]
[White "Jones, Christopher M"]
[Black "Archer-Lock, Christopher"]
[Result "1/2-1/2"]
[WhiteElo "2150"]
[BlackElo "2065"]
[PlyCount "38"]
[EventDate "2006.12.02"]
[EventType "team"]
[EventRounds "11"]
[EventCountry "ENG"]
[WhiteTeam "Leicester"]
[BlackTeam "Conquistadors 1"]

1. d4 Nf6 2. Nf3 g6 3. c4 Bg7 4. g3 O-O 5. Bg2 d6 6. O-O c6 7. Nc3 Qa5 8. e4
Qh5 9. e5 dxe5 10. Nxe5 Ng4 11. Nxg4 Bxg4 12. Qb3 Bxd4 13. Qxb7 Nd7 14. h3 Ne5
15. Bf4 Bxh3 16. Bxe5 Bxg2 17. Kxg2 Qxe5 18. Rae1 Qc5 19. Qxe7 Qxe7 1/2-1/2

[Event "4NCL/Div4/CONQ1 vs. LEICS"]
[Site "West Bromwich ENG"]
[Date "2006.12.02"]
[Round "3.3"]
[White "Foster, James C"]
[Black "Edwards, Alan"]
[Result "1-0"]
[WhiteElo "1921"]
[BlackElo "2131"]
[PlyCount "69"]
[EventDate "2006.12.02"]
[EventType "team"]
[EventRounds "11"]
[EventCountry "ENG"]
[WhiteTeam "Conquistadors 1"]
[BlackTeam "Leicester"]

1. e4 e6 2. d4 d5 3. exd5 exd5 4. Bd3 Nc6 5. c3 Bd6 6. Ne2 Qh4 7. Qb3 Nge7 8.
Nd2 Qg4 9. O-O O-O 10. Nf3 Rb8 11. h3 Qd7 12. Qc2 Ng6 13. Bg5 Nce7 14. Rae1 h6
15. Bc1 c6 16. Ng3 Nf4 17. Bxf4 Bxf4 18. Nh5 Bd6 19. Nh4 Qc7 20. f4 f5 21. Qf2
Rf7 22. Qg3 Bd7 23. Rxe7 Bxe7 24. Nxf5 Bxf5 25. Bxf5 Bd6 26. Be6 Kh8 27. Qg6
Rff8 28. f5 Qe7 29. f6 gxf6 30. Qxh6+ Qh7 31. Rxf6 Be7 32. Bf5 Qxh6 33. Rxh6+
Kg8 34. Be6+ Rf7 35. g4 1-0

[Event "4NCL/Div4/CONQ1 vs. LEICS"]
[Site "West Bromwich ENG"]
[Date "2006.12.02"]
[Round "3.4"]
[White "Gibson, Christopher A"]
[Black "Cork, David J"]
[Result "1-0"]
[WhiteElo "2056"]
[BlackElo "1960"]
[PlyCount "79"]
[EventDate "2006.12.02"]
[EventType "team"]
[EventRounds "11"]
[EventCountry "ENG"]
[WhiteTeam "Leicester"]
[BlackTeam "Conquistadors 1"]

1. d4 Nf6 2. c4 g6 3. Nc3 Bg7 4. e4 d6 5. f3 O-O 6. Be3 e5 7. d5 a5 8. Qd2 Re8
9. Bd3 c6 10. Nge2 cxd5 11. cxd5 Na6 12. O-O Bd7 13. Bb5 Bxb5 14. Nxb5 Qd7 15.
Nec3 Nc7 16. Nxc7 Qxc7 17. Rac1 Qd7 18. a4 Rec8 19. Nb5 Qd8 20. Rxc8 Rxc8 21.
Rc1 Rxc1+ 22. Qxc1 Nh5 23. Qc7 Qxc7 24. Nxc7 Nf4 25. Nb5 Bf8 26. Bb6 Nd3 27. b3
Nc1 28. Bxa5 Nxb3 29. Bc7 f5 30. Bxd6 fxe4 31. fxe4 Bxd6 32. Nxd6 Nc5 33. a5
Kf8 34. Nxb7 Na6 35. Nd8 Ke8 36. Nc6 Nc5 37. Nxe5 Kd8 38. Nc6+ Kd7 39. e5 Ne4
40. a6 1-0